All for love / (Record no. 28871)
[ view plain ]
| 000 -LEADER | |
|---|---|
| fixed length control field | 01123nam a22002775i 4500 |
| 003 - CONTROL NUMBER IDENTIFIER | |
| control field | EG-ScBUE |
| 005 - DATE AND TIME OF LATEST TRANSACTION | |
| control field | 20200928131205.0 |
| 008 - FIXED-LENGTH DATA ELEMENTS--GENERAL INFORMATION | |
| fixed length control field | 200219s2006 ii f 001 fdeng d |
| 020 ## - INTERNATIONAL STANDARD BOOK NUMBER | |
| International Standard Book Number | 8175810831 |
| 040 ## - CATALOGING SOURCE | |
| Original cataloging agency | EG-ScBUE |
| Language of cataloging | eng |
| Description conventions | rda |
| Transcribing agency | EG-ScBUE |
| Modifying agency | EG-ScBUE |
| 082 04 - DEWEY DECIMAL CLASSIFICATION NUMBER | |
| Classification number | 822.4 |
| Item number | DRY |
| Edition number | 22 |
| 100 1# - MAIN ENTRY--PERSONAL NAME | |
| Personal name | Dryden, John, |
| Dates associated with a name | 1631-1700, |
| Relator term | author. |
| 245 10 - TITLE STATEMENT | |
| Title | All for love / |
| Statement of responsibility, etc | John Dryden ; editor Ramji Lall, M. A., Formerly Principal Dyal Singh College, University of Delhi, New Delhi. |
| 250 ## - EDITION STATEMENT | |
| Edition statement | Fourteenth edition. |
| 264 #1 - PUBLICATION, DISTRIBUTION, ETC. (IMPRINT) | |
| Place of publication, distribution, etc | New Delhi : |
| Name of publisher, distributor, etc | Rama Brothers India PVT., |
| Date of publication, distribution, etc | 2006. |
| 300 ## - PHYSICAL DESCRIPTION | |
| Extent | 464 pages ; |
| Dimensions | 22 cm |
| 336 ## - CONTENT TYPE | |
| Content type term | text |
| Content type code | txt |
| Source | rdacontent |
| 337 ## - MEDIA TYPE | |
| Media type term | unmediated |
| Media type code | n |
| Source | rdamedia |
| 338 ## - CARRIER TYPE | |
| Carrier type term | volume |
| Carrier type code | nc |
| Source | rdacarrier |
| 500 ## - GENERAL NOTE | |
| General note | "edited with a critical introduction, a complete paraphrase of the text, model explanations, notes, questions, and answers." -- title page. |
| 600 17 - SUBJECT ADDED ENTRY--PERSONAL NAME | |
| Personal name | Dryden, John, |
| Dates associated with a name | 1631-1700 |
| General subdivision | Criticism and interpretation. |
| Source of heading or term | BUEsh |
| 600 17 - SUBJECT ADDED ENTRY--PERSONAL NAME | |
| Personal name | Cleopatra, |
| Titles and other words associated with a name | Queen of Egypt, |
| Dates associated with a name | d. 30 B.C. |
| Form subdivision | Drama. |
| Source of heading or term | BUEsh |
| 653 ## - INDEX TERM--UNCONTROLLED | |
| Resource For college | Humanities: English |
| Arrived date list | September2020 |
| 700 1# - ADDED ENTRY--PERSONAL NAME | |
| Personal name | Lall, Ramji, |
| Relator term | editor. |
| 942 ## - ADDED ENTRY ELEMENTS (KOHA) | |
| Source of classification or shelving scheme | Dewey Decimal Classification |
| Koha item type | Book - Borrowing |
| Withdrawn status | Lost status | Source of classification or shelving scheme | Damaged status | Not for loan | Collection code | Home library | Current library | Shelving location | Date acquired | Source of acquisition | Total Checkouts | Full call number | Barcode | Date last seen | Price effective from | Koha item type |
|---|---|---|---|---|---|---|---|---|---|---|---|---|---|---|---|---|
| Dewey Decimal Classification | unknown | Central Library | Central Library | Second Floor | 28/09/2020 | Purchase | 822.4 DRY | 000049840 | 15/07/2025 | 28/09/2020 | Book - Borrowing |